Había una vez un circo

Shranjeno v:
Bibliografske podrobnosti
Main Authors: Condemarín Grimberg, Mabel (Author), Galdames, Viviana (Author)
Drugi avtorji: Medina Moreno, Alejandra (autora)
Format: Knjiga
Jezik:španščina
Izdano: Santiago Ministerio de Educación 1994
Serija:Programa de Mejoramiento de la Calidad en Escuelas Básicas de Sectores Pobres
Teme:
Oznake: Označite
Brez oznak, prvi označite!

MARC

LEADER 00000nam a2200000 a 4500
001 UCT1124
003 CL-VaPUC
008 960927e19940000CL |||||||||||||||||spa|d
082 0 4 |a 371.3  |b CON  |2 21 
100 0 |a Condemarín Grimberg, Mabel  |e author  |9 369917 
700 0 |a Galdames, Viviana  |e author  |9 369918 
700 |a Medina Moreno, Alejandra  |e autora  |9 558156 
245 1 0 |a Había una vez un circo 
300 |a 33 p 
942 |c BK 
945 |d 19960927 00:00:00  |a rleighto 
260 |a Santiago  |b Ministerio de Educación  |c 1994 
500 |a Incluye Guía para el Profesor 
650 0 |a Educación básica   |9 224933 
650 0 |a Métodos de enseñanza  |9 270413 
650 0 |a Juegos educativos  |9 307366 
650 0 |a Actividades culturales  |9 335506 
651 7 |a CHILE  |2 CL-VaPUC  |9 369921 
583 |a last modification  |c 20141230 02:24:20  |k Rodrigo Vera 
490 0 |a Programa de Mejoramiento de la Calidad en Escuelas Básicas de Sectores Pobres 
999 |c 251775  |d 251773 
952 |0 0  |1 0  |4 0  |6 371_300000000000000_CON_1994  |7 0  |8 P  |9 271165  |a BIBEDU  |b BIBEDU  |c BIBEDU_PB  |d 2019-11-19  |i 3232204  |o 371.3 CON 1994  |p 3232204  |r 2024-01-25  |w 2019-11-19  |y BK  |k EDU 
952 |0 0  |1 0  |4 0  |6 371_300000000000000_CON_1994  |7 0  |8 P  |9 271166  |a BIBEDU  |b BIBEDU  |c BIBEDU_PB  |d 2019-11-19  |i 3460290  |o 371.3 CON 1994  |p 3460290  |r 2024-01-25  |w 2019-11-19  |y BK  |k EPE 
952 |0 0  |1 0  |4 0  |6 371_300000000000000_CON_1994  |7 0  |8 P  |9 271167  |a BIBEDU  |b BIBEDU  |c BIBEDU_PB  |d 2019-11-19  |i 3460312  |o 371.3 CON 1994  |p 3460312  |r 2024-01-25  |w 2019-11-19  |y BK  |k EPE 
952 |0 0  |1 0  |4 0  |6 371_300000000000000_CON_1994  |7 0  |8 P  |9 271168  |a BIBEDU  |b BIBEDU  |c BIBEDU_PB  |d 2019-11-19  |i 3460320  |o 371.3 CON 1994  |p 3460320  |r 2024-01-25  |w 2019-11-19  |y BK  |k EPE 
952 |0 0  |1 0  |4 0  |6 371_300000000000000_CON_1994  |7 0  |8 P  |9 271169  |a BIBEDU  |b BIBEDU  |c BIBEDU_PB  |d 2019-11-19  |i 3504670  |o 371.3 CON 1994  |p 3504670  |r 2024-01-25  |w 2019-11-19  |y BK  |k EDU 
952 |0 0  |1 0  |4 0  |6 371_300000000000000_CON_1994  |7 0  |8 P  |9 271170  |a BIBEDU  |b BIBEDU  |c BIBEDU_PB  |d 2019-11-19  |i 3504689  |o 371.3 CON 1994  |p 3504689  |r 2024-01-25  |w 2019-11-19  |y BK  |k EDU